Tanzania: revolution by education (Record no. 59376)

MARC details
000 -LEADER
fixed length control field 00483nam a2200121 a 4500
008 - FIXED-LENGTH DATA ELEMENTS--GENERAL INFORMATION
fixed length control field 120416s1968 ||||||||||||||||| || u
050 ## - LIBRARY OF CONGRESS CALL NUMBER
Classification number LA 1841 Res
100 ## - MAIN ENTRY--PERSONAL NAME
Personal name Resmick, Idrien N
245 10 - TITLE STATEMENT
Title Tanzania: revolution by education
Statement of responsibility, etc. edited by Idrian N. Resmick
260 ## - PUBLICATION, DISTRIBUTION, ETC.
Place of publication, distribution, etc. Arusha
Name of publisher, distributor, etc. Longmans of Tanzania
Date of publication, distribution, etc. 1968
350 ## - PRICE (NR) (BK AM CF MU VM SE) [OBSOLETE]
Price 0.00
995 ## - RECOMMENDATION 995 [LOCAL, UNIMARC FRANCE]
-- 0.00
-- CBU-MAIN LIBRARY (Kitwe)
-- 1
-- 8.00
-- 1
-- AVAILABLE
-- Main Library Open Access Collection
Holdings
Withdrawn status Lost status Source of classification or shelving scheme Damaged status Not for loan Home library Current library Shelving location Date acquired Total Checkouts Full call number Barcode Date last seen Price effective from Koha item type
          CBU-MAIN LIBRARY, KITWE. CBU-MAIN LIBRARY, KITWE.   11/30/2022   LA 1841 Res 009611 11/30/2022 11/30/2022 MONOGRAPH